00632 2200193 4500001002100000005001500021035002000036008004100056245010400097100002100201260004300222300002500265084002000290082001000310650007000320020002200390250000600412990002000418INLIS00000000000279020241210121847 a0010-1224000322241210 0 ind 1 aPengantar Pengendalian Hayati Penyakit Tanaman :bSuplemen ke Gulma dan Nematoda /cLoekas Soesanto aSoesanto, Loekas aJakarta :bRajagrafindo Persada,c2008 a574 hlm. ;c14x21 cm a632.3 SOE P C.1 a632.3 4aPenyakit pada Tanaman Pertanian, Penyakit pada Tumbuhan Pertanian a978-979-769-170-7 a1 a120211200005085